000 00724nam a2200229Ia 4500
003 OSt
005 20250716144310.0
008 210210b1995 xxu||||| |||| 00| 0 eng d
040 _cAL
041 _aKannada
082 _aK894.109 SHRM
100 _aSHRIPADA RAGHUNATHA BHIDE.
_dಶ್ರೀಪಾದ ರಘುನಾಥ ಭಿಡೆ
_9219032
245 _aMahabharatadalli Kumara sambhava.
_b ಮಹಾಭಾರತದಲ್ಲಿ ಕುಮಾರ ಸಂಭವ.
260 _aMaisuru
_bDi Vi Ke Murti
_c1995
300 _axv,113
650 _asambhava.
_9219033
650 _aMahabharatadalli
_9219034
650 _aKumara
_9219035
690 _aKannada Poetry Criticism
_9219036
906 _a052469
942 _2ddc
_cBK
999 _c100686
_d100686